|
|
|
|
| LEADER |
00000nab a2200000 a 4500 |
| 001 |
vtls000047101 |
| 003 |
SK-MaSNL |
| 005 |
20260304025150.0 |
| 008 |
180405c1979 xo 0 slo |
| 015 |
|
|
|a SNBRB19rr/mm-uuuuu
|
| 035 |
|
|
|a CL0057197
|
| 040 |
|
|
|a SNKBUCL
|b slo
|c SNKBUCL
|e AACR2
|
| 041 |
0 |
|
|a slo
|
| 044 |
|
|
|a xo
|c SK
|
| 080 |
|
|
|a 885.4-1
|2 1981
|
| 100 |
1 |
|
|a Ďurinová, Nataša,
|d 1955-
|4 aut
|9 245392
|
| 245 |
1 |
0 |
|a Bieloruska
|c Nataša Ďurinová
|
| 500 |
|
|
|a Príloha časopisu Nové slovo č. 42, 1979
|
| 655 |
|
7 |
|a články z novín a časopisov
|2 snkbucl
|9 267496
|
| 655 |
|
7 |
|a články z odboru literárna veda a krásna literatúra
|2 snkbucl
|9 770045
|
| 655 |
|
7 |
|a slovenská poézia
|2 snkbucl
|9 70444
|
| 773 |
0 |
|
|t Nové slovo mladých
|g Č. 10 (1979), s. 5
|
| 850 |
|
|
|a Slovenská národná knižnica
|
| 852 |
|
|
|a Slovenská národná knižnica
|
| 958 |
|
|
|a RK
|
| 958 |
|
|
|a LX
|
| 992 |
|
|
|a RBX
|
| 999 |
|
|
|c 2625723
|d 2627653
|